LEADER 05939 am 22009373u 450 001 9910130752003321 005 20221206180223.0 010 $a90-04-25351-3 024 7 $a10.1163/9789004253513 035 $a(CKB)3450000000003032 035 $a(SSID)ssj0000630232 035 $a(PQKBManifestationID)11380260 035 $a(PQKBTitleCode)TC0000630232 035 $a(PQKBWorkID)10746732 035 $a(PQKB)10164081 035 $a(MiAaPQ)EBC4636560 035 $a(OCoLC)794698159$z(OCoLC)771171731 035 $a(nllekb)BRILL9789004253513 035 $a(oapen)https://directory.doabooks.org/handle/20.500.12854/27150 035 $a(PPN)174543018 035 $a(EXLCZ)993450000000003032 100 $a20120508d2012 uy 0 101 0 $aeng 135 $aurmn#|||||||| 181 $ctxt$2rdacontent 182 $cc$2rdamedia 183 $acr$2rdacarrier 200 00$aHeirs to world culture $ebeing Indonesian, 1950-1965 /$fedited by Jennifer Lindsay and Maya H.T. Liem 210 $aLeiden - Boston$cBrill$d2011 210 1$aLeiden :$cKITLV Press,$d2012. 215 $a1 online resource (xv, 529 pages) $cillustrations; digital, PDF file(s) 225 1 $aVerhandelingen van het Koninklijk Instituut voor Taal-, Land- en Volkenkunde,$x1572-1892 ;$v274 300 $aDirectory of Open Access Books: DOAB. 311 08$aPrint version: 9789067183796 320 $aIncludes bibliographical references (pages 501-505) and index. 327 $tPreliminary Material /$rJennifer Lindsay and Maya H.T. Liem --$t1: Heirs to world culture 1950-1965 An introduction /$rJennifer Lindsay --$t2: Bringing the world back home Cultural traffic in Konfrontasi, 1954-1960 /$rKeith Foulcher --$t3: An entangled affair STICUSA and Indonesia, 1948-1956 /$rLiesbeth Dolk --$t4: Indonesian Muslims and cultural networks /$rHairus Salim HS --$t5: Honoured guests Indonesian-American cultural traffic, 1953-1957 /$rTony Day --$t6: Sibling tension and negotiation Malay(sian) writer-political activists? links and orientation to Indonesia /$rBudiawan --$t7: A bridge to the outside world Literary translation in Indonesia, 1950-1965 /$rMaya H.T. Liem --$t8: Performing Indonesia abroad /$rJennifer Lindsay --$t9: ?Whither Indonesian culture?? Rethinking ?culture? in Indonesia in a time of decolonization /$rEls Bogaerts --$t10: Malang mignon Cultural expressions of the Chinese, 1940-1960 /$rMelani Budianta --$t11: In search of an Indonesian Islamic cultural identity, 1956-1965 /$rChoirotun Chisaan --$t12: Getting organized Culture and nationalism in Bali, 1959-1965 /$rI Nyoman Darma Putra --$t13: Creating culture for the new nation South Sulawesi, 1950-1965 /$rBarbara Hatley --$t14: The capital of pulp fiction and other capitals Cultural life in Medan, 1950-1958 /$rMarije Plomp --$t15: New Sundanese dance for new stages /$rIrawati Durban Ardjo --$t16: LEKRA and ensembles Tracing the Indonesian musical stage /$rRhoma Dwi Aria Yuliantri --$t17: Dynamics and tensions of LEKRA?s modern national theatre, 1959-1965 /$rMichael Bodden --$tNotes on Glossary /$rJennifer Lindsay and Maya H.T. Liem --$tGlossary /$rJennifer Lindsay and Maya H.T. Liem --$tImportant dates /$rJennifer Lindsay and Maya H.T. Liem --$tNotes on Indonesian journals and newspapers cited in this volume /$rJennifer Lindsay and Maya H.T. Liem --$tIndex /$rJennifer Lindsay and Maya H.T. Liem. 330 $aThis volume brings together new scholarship by Indonesian and non-Indonesian scholars on Indonesia?s cultural history from 1950-1965. During the new nation?s first decade and a half, Indonesia?s links with the world and its sense of nationhood were vigorously negotiated on the cultural front. Indonesia used cultural networks of the time, including those of the Cold War, to announce itself on the world stage. International links, post-colonial aspirations and nationalistic fervour interacted to produce a thriving cultural and intellectual life at home. Essays discuss the exchange of artists, intellectuals, writing and ideas between Indonesia and various countries; the development of cultural networks; and ways these networks interacted with and influenced cultural expression and discourse in Indonesia. 410 0$aVerhandelingen van het Koninklijk Instituut voor Taal-, Land- en Volkenkunde$v274. 606 $aNation-building$zIndonesia$y20th century 606 $aGroup identity$zIndonesia$y20th century 606 $aGroup identity$2fast 606 $aIntellectual life$2fast 606 $aManners and customs$2fast 606 $aNation-building$2fast 606 $aNationalism$2fast 606 $aPolitics and government$2fast 607 $aIndonesia$xSocial life and customs$y20th century 607 $aIndonesia$xIntellectual life$y20th century 607 $aIndonesia$xPolitics and government$y20th century 607 $aIndonesia$2fast 608 $aHistory.$2fast 610 $anationalism 610 $aculture 610 $aindonesia 610 $acultural history 610 $anation building 610 $apost-colonial politics 610 $asocial history 610 $aJakarta 610 $aLembaga Kebudajaan Rakjat 610 $aSukarno 615 0$aNation-building 615 0$aGroup identity 615 7$aGroup identity. 615 7$aIntellectual life. 615 7$aManners and customs. 615 7$aNation-building. 615 7$aNationalism. 615 7$aPolitics and government. 676 $a959.803 700 $aLindsay$b Jennifer$4auth$0640026 702 $aLindsay$b Jennifer 702 $aLiem$b Maya H. T$g(Maya Hian Ting),$f1957-, 712 02$aKoninklijk Instituut voor Taal-, Land- en Volkenkunde (Netherlands) 801 0$bNL-LeKB 801 1$bNL-LeKB 801 2$bUkMaJRU 906 $aBOOK 912 $a9910130752003321 996 $aHeirs to world culture$93358445 997 $aUNINA LEADER 05428oam 2201213 c 450 001 9910350194903321 005 20260302090207.0 010 $a9783839448793 010 $a3839448794 024 7 $a10.14361/9783839448793 035 $a(CKB)4100000009763061 035 $a(OAPEN)1006219 035 $a(DE-B1597)527655 035 $a(OCoLC)1129177699 035 $a(DE-B1597)9783839448793 035 $a(ScCtBLL)ce4f7790-b8f0-4e72-9205-ba90fab1256e 035 $a(MiAaPQ)EBC6637672 035 $a(Au-PeEL)EBL6637672 035 $a(transcript Verlag)9783839448793 035 $a(MiAaPQ)EBC6956090 035 $a(Au-PeEL)EBL6956090 035 $a(oapen)https://directory.doabooks.org/handle/20.500.12854/32342 035 $a(EXLCZ)994100000009763061 100 $a20260302d2019 uy 0 101 0 $ager 135 $auuuuu---auuuu 181 $ctxt$2rdacontent 182 $cc$2rdamedia 183 $acr$2rdacarrier 200 00$aHandbuch Poststrukturalistische Perspektiven auf soziale Bewegungen$eAnsätze, Methoden und Forschungspraxis$fJudith Vey, Johanna Leinius, Ingmar Hagemann 205 $a1st ed. 210 $aBielefeld$ctranscript Verlag$d2019 215 $a1 online resource (306 p.) 225 0 $aEdition Politik 311 08$a9783837648799 311 08$a3837648796 327 $aFrontmatter 1 Inhalt 5 Einleitung 9 Poststrukturalistische Perspektiven auf soziale Bewegungen 17 Subjektivierung und staatliches Wissen 39 Macht und Selektivita?t in diskursiven Feldern 54 Diskurse, Konflikte und Macht 70 Die Proteste der spanischen Indignados und ihre Analyse mittels einer erweiterten Hegemonietheorie 88 Die Soziologie der Kritik 106 Gesellschaft von unten 122 Contentious Assemblages 138 Affekttheorien und soziale Bewegungen 152 Kollektive Identita?ten als Koalitionen denken 168 Whose streets, whose power? - Which streets, what power? 184 Islamismus als soziale Bewegung 198 A(nta)gonistische Artikulation 212 Stuart Halls ?Theorie der Artikulation? 230 Elemente einer radikalen Demokratietheorie des Experiments 250 Demokratie als konflikthafte Praxis 264 Populistische Momente 280 Autor*innen 299 330 $aDas Handbuch widmet sich erstmals systematisch und vergleichend der Frage, wie soziale Bewegungen aus einer poststrukturalistischen Perspektive analysiert werden können. Die Beiträge stellen verschiedene Ansätze vor und zeigen jeweils anhand eines Beispiels aus der Forschungspraxis, wie dieser Ansatz für die Analyse sozialer Bewegungen genutzt werden kann. Durch die Anwendung alternativer Methoden, die enge Verknüpfung von Theorie und Praxis und eine gesellschaftstheoretische Perspektive werden auf diese Weise neue Einsichten in den Forschungsgegenstand »soziale Bewegungen« möglich. 330 1 $a»Deutlich werden [...] insbesondere die Vielfalt poststrukturalistischer Perspektiven, ihre erkenntnistheoretischen Grundlagen und potenzielle Anwendungsfelder.« 410 $aEdition Politik 517 2 $aVey et al. (Hg.), Handbuch Poststrukturalistische$eAnsätze, Methoden und Forschungspraxis 606 $aSoziale Bewegungen 606 $aSocial Movements 606 $aProtest 606 $aPoststrukturalismus 606 $aPost-structuralism 606 $aPostmoderne Theorie 606 $aPostmodern Theory 606 $aHandbuch 606 $aHandbook 606 $aPractice 606 $aPraxis 606 $aPolitik 606 $aPolitics 606 $aZivilgesellschaft 606 $aCivil Society 606 $aPolitsche Theorie 606 $aPolitical Sociology 606 $aPolitische Soziologie 606 $aPolitical Science 606 $aPolitikwissenschaft 606 $aMichel Foucault 606 $aCollective Identity 606 $aKollektive Identität 606 $aStuart Hall 606 $aPopulism 606 $aPopulismus 615 4$aSoziale Bewegungen 615 4$aSocial Movements 615 4$aProtest 615 4$aPoststrukturalismus 615 4$aPost-structuralism 615 4$aPostmoderne Theorie 615 4$aPostmodern Theory 615 4$aHandbuch 615 4$aHandbook 615 4$aPractice 615 4$aPraxis 615 4$aPolitik 615 4$aPolitics 615 4$aZivilgesellschaft 615 4$aCivil Society 615 4$aPolitsche Theorie 615 4$aPolitical Sociology 615 4$aPolitische Soziologie 615 4$aPolitical Science 615 4$aPolitikwissenschaft 615 4$aMichel Foucault 615 4$aCollective Identity 615 4$aKollektive Identität 615 4$aStuart Hall 615 4$aPopulism 615 4$aPopulismus 676 $a303.484 702 $aVey$b Judith$p

Judith Vey, Technische Universität Berlin, Deutschland

$4edt 702 $aLeinius$b Johanna$p

Johanna Leinius, Goethe-Universität Frankfurt am Main, Deutschland

$4edt 702 $aHagemann$b Ingmar$p

Ingmar Hagemann, Universität Duisburg-Essen, Deutschland

$4edt 712 02$atranscript: Open Library 2019 (Politik)$4fnd$4http://id.loc.gov/vocabulary/relators/fnd 801 0$bDE-B1597 801 1$bDE-B1597 906 $aBOOK 912 $a9910350194903321 996 $aHandbuch Poststrukturalistische Perspektiven auf soziale Bewegungen$94293284 997 $aUNINA